| 000 | 00806nam0a2200229 4500 | ||
|---|---|---|---|
| 001 | RU\NLR\BIBL_A\012490506 | ||
| 005 | 20250624050309.0 | ||
| 035 | _a(NLR Aleph) 012490506 | ||
| 090 |
_a12176709 _c12176709 |
||
| 100 | _a20210330d1987 |||y0rusy50 ca | ||
| 101 | 1 |
_arus _cbul |
|
| 102 | _aRU | ||
| 105 | _ay z 000 y | ||
| 200 | 1 |
_aМодернизация-силами людей, во имя людей _eинтервью газете "Юманите" от 14 февраля 1987 г. _fТодор Живков |
|
| 210 |
_aСофия _cСофия Пресс _d1987 |
||
| 215 |
_a18 с. _d16 |
||
| 700 | 1 |
_aЖивков _bТ. _f1911- 1998 _gТодор |
|
| 852 |
_aNLR _j88-2/2993 |
||
| 942 | _cBOOK | ||
| 980 | _aNB | ||